[Event "Liguria Region-ch"]
[Site "Spotorno"]
[Date "2011.04.16"]
[Round "3"]
[White "Atteo, Domenico"]
[Black "Benvenuti, Cristian"]
[Result "1-0"]
[WhiteElo "1795"]
[BlackElo "1353"]
[PlyCount "65"]
[EventDate "2011.04.15"]
[EventType "swiss"]
[EventRounds "5"]
[EventCountry "ITA"]
[SourceTitle "EXT 2024"]
[Source "ChessBase"]
[SourceDate "2023.10.10"]
[SourceVersion "1"]
[SourceVersionDate "2023.10.10"]
[SourceQuality "1"]

1. e4 e5 2. Nf3 Nc6 3. Bb5 Nf6 4. 0-0 Nxe4 5. Bxc6 bxc6 6. Qe2 d5 7. Nxe5 Qf6 8. d4 c5 9. f3 Ba6 10. c4 cxd4 11. Ng4 Qg6 12. Re1 Bc5 13. Qd1 Bxc4 14. fxe4 dxe4 15. Ne5 d3+ 16. Be3 Qe6 17. Qa4+ c6 18. Nxc4 Bxe3+ 19. Rxe3 0-0 20. Nbd2 f5 21. Na5 c5 22. Qb3 Qxb3 23. Naxb3 Rac8 24. Rc1 c4 25. Rxc4 Rxc4 26. Nxc4 Re8 27. Ncd2 g5 28. g4 fxg4 29. Rxe4 Rf8 30. Rxg4 Rf5 31. h4 h6 32. hxg5 hxg5 33. Rd4 1-0